<?xml version="1.0" encoding="UTF-8"?>
<record
    xmlns:xsi="http://www.w3.org/2001/XMLSchema-instance"
    xsi:schemaLocation="http://www.loc.gov/MARC21/slim http://www.loc.gov/standards/marcxml/schema/MARC21slim.xsd"
    xmlns="http://www.loc.gov/MARC21/slim">

  <leader>02286njm a2200421Ia 4500</leader>
  <controlfield tag="001">73459</controlfield>
  <controlfield tag="003">IT-RoPAU</controlfield>
  <controlfield tag="005">20220918181118.0</controlfield>
  <controlfield tag="008">131025s9999    xx            000 0 und d</controlfield>
  <datafield tag="040" ind1=" " ind2=" ">
    <subfield code="a">IT-RoPAU</subfield>
  </datafield>
  <datafield tag="040" ind1=" " ind2=" ">
    <subfield code="c">IT-RoPAU</subfield>
  </datafield>
  <datafield tag="041" ind1=" " ind2=" ">
    <subfield code="a">POLACCO</subfield>
  </datafield>
  <datafield tag="999" ind1=" " ind2=" ">
    <subfield code="c">99576</subfield>
    <subfield code="d">99576</subfield>
  </datafield>
  <datafield tag="999" ind1=" " ind2=" ">
    <subfield code="b">n.d.</subfield>
  </datafield>
  <datafield tag="100" ind1=" " ind2=" ">
    <subfield code="a">AA.VV.</subfield>
    <subfield code="9">794</subfield>
  </datafield>
  <datafield tag="100" ind1=" " ind2=" ">
    <subfield code="e">Autore musica</subfield>
    <subfield code="9">25064</subfield>
  </datafield>
  <datafield tag="100" ind1=" " ind2=" ">
    <subfield code="g">Codice autore musica SPICS: 12000</subfield>
    <subfield code="9">796</subfield>
  </datafield>
  <datafield tag="245" ind1=" " ind2=" ">
    <subfield code="a">Felicjan Andrzejczak</subfield>
  </datafield>
  <datafield tag="250" ind1=" " ind2=" ">
    <subfield code="a">1a ed.</subfield>
  </datafield>
  <datafield tag="260" ind1=" " ind2=" ">
    <subfield code="a">POLONIA</subfield>
  </datafield>
  <datafield tag="260" ind1=" " ind2=" ">
    <subfield code="b">MUZA</subfield>
    <subfield code="c">1987 [1a Ed.:1987 - Ed. Lingua Orig.: 1987]</subfield>
  </datafield>
  <datafield tag="300" ind1=" " ind2=" ">
    <subfield code="a">DISCO</subfield>
  </datafield>
  <datafield tag="300" ind1=" " ind2=" ">
    <subfield code="c">45 minuti (Testo: 0 pag.)</subfield>
  </datafield>
  <datafield tag="500" ind1=" " ind2=" ">
    <subfield code="a">Musica pop</subfield>
  </datafield>
  <datafield tag="505" ind1=" " ind2=" ">
    <subfield code="a">Trzeci Akt (5:00) - Zawsze Ten Sam (6:00) - Idac (4:00) - Gdybys Byla Inna (5:00) - Siedem Nocy (4:00) - Ekscentryczny Dance (4:00) - Gdy Gram (5:00) - Juz Sie Nie Poprawie (4:00) - Stare Sprawy (5:00) - Jestem Zmeczony (4:00)</subfield>
  </datafield>
  <datafield tag="650" ind1=" " ind2=" ">
    <subfield code="a">POP [DISCHI]</subfield>
    <subfield code="e">Codice MATERIA SPICS: 9950</subfield>
    <subfield code="9">1001</subfield>
  </datafield>
  <datafield tag="700" ind1=" " ind2=" ">
    <subfield code="a">Andrzejczak Felicjan</subfield>
    <subfield code="g">Codice interprete SPICS: 25220</subfield>
    <subfield code="e">Interprete</subfield>
    <subfield code="9">25065</subfield>
  </datafield>
  <datafield tag="700" ind1=" " ind2=" ">
    <subfield code="a">Sygitowicz R.</subfield>
    <subfield code="g">Codice autore musica SPICS: 25056</subfield>
    <subfield code="e">Autore musica</subfield>
    <subfield code="p">Trzeci Akt - Zawsze Ten Sam - Idac - Gdybys Byla Inna - Juz Sie Nie Poprawie - Stare Sprawy - Jestem Zmeczony</subfield>
    <subfield code="9">25066</subfield>
  </datafield>
  <datafield tag="700" ind1=" " ind2=" ">
    <subfield code="a">Kondratowicz J.</subfield>
    <subfield code="g">Codice autore testo/musica SPICS: 25196</subfield>
    <subfield code="e">Autore testo/musica</subfield>
    <subfield code="p">Trzeci Akt - Zawsze Ten Sam - Gdy Gram</subfield>
    <subfield code="9">25067</subfield>
  </datafield>
  <datafield tag="700" ind1=" " ind2=" ">
    <subfield code="a">Kofta J.</subfield>
    <subfield code="g">Codice autore testo/musica SPICS: 25553</subfield>
    <subfield code="e">Autore testo/musica</subfield>
    <subfield code="p">Idac - Jestem Zmeczony</subfield>
    <subfield code="9">25068</subfield>
  </datafield>
  <datafield tag="700" ind1=" " ind2=" ">
    <subfield code="a">Surma U.</subfield>
    <subfield code="g">Codice autore testo/musica SPICS: 25554</subfield>
    <subfield code="e">Autore testo/musica</subfield>
    <subfield code="p">Gdybys Byla Inna</subfield>
    <subfield code="9">25069</subfield>
  </datafield>
  <datafield tag="700" ind1=" " ind2=" ">
    <subfield code="a">Kukulski J.</subfield>
    <subfield code="g">Codice autore musica SPICS: 25065</subfield>
    <subfield code="e">Autore musica</subfield>
    <subfield code="p">Siedem Nocy - Ekscentryczny Dance</subfield>
    <subfield code="9">25070</subfield>
  </datafield>
  <datafield tag="700" ind1=" " ind2=" ">
    <subfield code="a">Chromcewicz W.</subfield>
    <subfield code="g">Codice autore testo/musica SPICS: 25176</subfield>
    <subfield code="e">Autore testo/musica</subfield>
    <subfield code="p">Siedem Nocy</subfield>
    <subfield code="9">25071</subfield>
  </datafield>
  <datafield tag="700" ind1=" " ind2=" ">
    <subfield code="a">Kidawa J.</subfield>
    <subfield code="g">Codice autore SPICS: 25492</subfield>
    <subfield code="e">Autore</subfield>
    <subfield code="p">Ekscentryczny Dance</subfield>
    <subfield code="9">25072</subfield>
  </datafield>
  <datafield tag="700" ind1=" " ind2=" ">
    <subfield code="a">Dabrowski J.</subfield>
    <subfield code="g">Codice autore testo/musica SPICS: 25157</subfield>
    <subfield code="e">Autore testo/musica</subfield>
    <subfield code="p">Ekscentryczny Dance - Stare Sprawy</subfield>
    <subfield code="9">25073</subfield>
  </datafield>
  <datafield tag="700" ind1=" " ind2=" ">
    <subfield code="a">Januszko A.</subfield>
    <subfield code="g">Codice autore musica SPICS: 24733</subfield>
    <subfield code="e">Autore musica</subfield>
    <subfield code="p">Gdy Gram</subfield>
    <subfield code="9">25074</subfield>
  </datafield>
  <datafield tag="700" ind1=" " ind2=" ">
    <subfield code="a">Holm J.</subfield>
    <subfield code="g">Codice autore testo/musica SPICS: 25555</subfield>
    <subfield code="e">Autore testo/musica</subfield>
    <subfield code="p">Juz Sie Nie Poprawie</subfield>
    <subfield code="9">25075</subfield>
  </datafield>
  <datafield tag="942" ind1=" " ind2=" ">
    <subfield code="c">MD</subfield>
    <subfield code="2">ddc</subfield>
  </datafield>
  <datafield tag="952" ind1=" " ind2=" ">
    <subfield code="0">0</subfield>
    <subfield code="1">0</subfield>
    <subfield code="4">0</subfield>
    <subfield code="6">73459_000000000000000</subfield>
    <subfield code="7">1</subfield>
    <subfield code="a">SPICS</subfield>
    <subfield code="b">SPICS</subfield>
    <subfield code="d">2013-10-25</subfield>
    <subfield code="l">0</subfield>
    <subfield code="o">73459</subfield>
    <subfield code="r">2013-10-25 00:00:00</subfield>
    <subfield code="w">2013-10-25</subfield>
    <subfield code="y">MD</subfield>
    <subfield code="z">Progr. Ins.: 17739 / N.Vol.: 1 / Copie: 1 - Copia rara: n.d. / date import: 01.01.2014 - By Epidotti, Trombetti, Vaglietti</subfield>
  </datafield>
</record>
